[Event "Challenge #1"]
[Site "http://www.queenalice.com/game.php?id=603534"]
[Date "2009.6.15"]
[Round "-"]
[White "Aylton"]
[Black "Pentotal"]
[Result "0-1"]
[WhiteElo "2062"]
[BlackElo "2333"]

1. d4 Nf6 2. Nf3 g6 3. c4 Bg7 4. Nc3 c5 5. e3 O-O 6. Be2 cxd4 7. Nxd4 d5 8. Qb3
e5 9. Nf3 d4 10. exd4 exd4 11. Nb5 Nc6 12. O-O a6 13. Na3 Ne4 14. h3 Nc5 15. Qd1
d3 16. Re1 dxe2 17. Qxe2 Qd3 18. Be3 Qxe2 19. Rxe2 Na4 20. Bc1 Bf5 0-1

[Event "Challenge #2"]
[Site "http://www.queenalice.com/game.php?id=603535"]
[Date "2009.6.15"]
[Round "-"]
[White "Pentotal"]
[Black "Aylton"]
[Result "1-0"]
[WhiteElo "2337"]
[BlackElo "2052"]

1. e4 e5 2. Nf3 Nc6 3. Bb5 a6 4. Bxc6 dxc6 5. O-O f6 6. d4 exd4 7. Nxd4 c5 8.
Nb3 Qxd1 9. Rxd1 Bd7 10. Nc3 O-O-O 11. Bf4 g5 12. Bg3 Be6 13. Rxd8+ Kxd8 14.
Rd1+ Kc8 15. Nd5 Bxd5 16. exd5 Bd6 17. Re1 Kd7 18. Re6 h5 19. Bxd6 cxd6 20. Na5
Kc7 21. Nc4 Rh7 22. Nxd6 Re7 23. Rxe7+ Nxe7 24. Ne8+ Kd7 25. Nxf6+ Kd6 26. c4 b5
27. Ne4+ 1-0

[Event "2DO MATCH BRASIL VS ARGENTINA "]
[Site "http://www.queenalice.com/game.php?id=607025"]
[Date "2009.6.22"]
[Round "-"]
[White "Ikki_de_Fenix"]
[Black "Pentotal"]
[Result "1/2-1/2"]
[WhiteElo "2530"]
[BlackElo "2365"]

1. Nf3 Nf6 2. c4 c5 3. Nc3 Nc6 4. g3 g6 5. Bg2 Bg7 6. O-O d6 7. d4 cxd4 8. Nxd4
Bd7 9. Nxc6 bxc6 10. e4 O-O 11. Bd2 Bg4 12. Qa4 Nd7 13. Qxc6 Nc5 14. Be3 Be6 15.
Bxc5 Rc8 16. Qa6 Rxc5 17. Qxa7 Rxc4 18. Rab1 Bd4 19. Qb7 Rc7 20. Qb4 Bxc3 21.
bxc3 Bxa2 22. Ra1 Be6 23. Ra3 Rc4 24. Qb2 Qc7 25. Qa1 Rb8 26. Re1 Rc5 27. Bf1 f6
28. Bd3 Kg7 29. Rb1 Rxb1+ 30. Bxb1 Qc6 31. Bc2 Bg4 32. Qe1 Qb7 33. Qb1 Qxb1+ 34.
Bxb1 Bf3 35. Kf1 Re5 36. Ra4 Rh5 37. h4 Rc5 38. Ke1 Rxc3 39. Kd2 Rc7 40. Ke3 Bd1
41. Ra5 Bc2 42. Bxc2 Rxc2 43. h5 Rc3+ 44. Kd2 Rc5 45. Ra7 Re5 46. hxg6 hxg6 47.
Kd3 f5 48. exf5 gxf5 49. Ra3 Kf6 50. Ra8 Rb5 51. Ra6 Rd5+ 52. Ke3 e5 53. Rb6 e4
54. Rb3 Ke5 55. Ra3 Rc5 1/2-1/2

[Event "2DO MATCH BRASIL VS ARGENTINA "]
[Site "http://www.queenalice.com/game.php?id=607026"]
[Date "2009.6.22"]
[Round "-"]
[White "Pentotal"]
[Black "Ikki_de_Fenix"]
[Result "1-0"]
[WhiteElo "2347"]
[BlackElo "2542"]

1. e4 e5 2. Nf3 Nc6 3. Bb5 a6 4. Bxc6 dxc6 5. O-O f6 6. d4 exd4 7. Nxd4 Ne7 8.
Be3 Ng6 9. Nd2 Bd6 10. Nc4 O-O 11. Qd3 Ne5 12. Nxe5 Bxe5 13. f4 Bd6 14. Qb3+ Kh8
15. Nf3 Qe7 16. e5 Bc5 17. Rae1 fxe5 18. Nxe5 Be6 19. c4 b5 20. Nxc6 Qd6 21. Ne5
bxc4 22. Qc2 Bd4 23. Qe4 Bxe5 24. Rd1 Bf5 25. Qxe5 Bd3 26. Rfe1 Rfe8 27. Qxd6
cxd6 28. b3 d5 29. Bd4 Kg8 30. Kf2 Kf7 31. g3 a5 32. Re5 Rxe5 33. Bxe5 a4 34. b4
Ra6 35. Ke3 Rh6 36. Rd2 Rb6 37. a3 g6 38. Kd4 Rb5 39. g4 Be4 40. Rd1 Ke6 41. Rg1
Kd7 42. h4 Rb6 43. Rf1 Ke6 44. h5 gxh5 45. f5+ Kf7 46. gxh5 Bd3 47. Kc5 Rh6 48.
Rg1 Rxh5 49. b5 Rxf5 50. Kxd5 Ke7 51. b6 Rxe5+ 52. Kxe5 Kd7 53. Kd5 Kc8 54. Kc6
Be4+ 55. Kb5 c3 56. Ka6 1-0

[Event "1° Match Colombia Vs Argentina"]
[Site "http://www.queenalice.com/game.php?id=608975"]
[Date "2009.6.26"]
[Round "-"]
[White "Undertaker"]
[Black "Pentotal"]
[Result "0-1"]
[WhiteElo "2084"]
[BlackElo "2343"]

1. e4 e5 2. Nf3 Nc6 3. Bb5 Nf6 4. d3 d6 5. h3 Be7 6. Nc3 O-O 7. O-O h6 8. Re1
Be6 9. Bxc6 bxc6 10. d4 exd4 11. Qxd4 Nd7 12. Bf4 Bf6 13. e5 dxe5 14. Nxe5 Nxe5
15. Qxd8 Nf3+ 16. gxf3 Rfxd8 17. Kh2 Rdb8 18. Bc1 Bf5 19. Re2 Rb4 20. Ne4 Bxb2
21. Bxb2 Rxb2 22. a3 Rd8 23. Kg3 Rd4 24. a4 Rc4 25. a5 Be6 26. h4 Bd5 27. Kh3 f5
28. Ng3 Bxf3 29. Rd2 Rbb4 30. Nf1 Bd5 31. Ne3 Rxh4+ 32. Kg3 f4+ 33. Kxh4 fxe3+
34. Kg3 exd2 35. f4 Rd4 36. Rd1 Be4 37. c3 Bc2 0-1

[Event "1° Match Colombia Vs Argentina"]
[Site "http://www.queenalice.com/game.php?id=608976"]
[Date "2009.6.26"]
[Round "-"]
[White "Pentotal"]
[Black "Undertaker"]
[Result "1-0"]
[WhiteElo "2340"]
[BlackElo "2053"]

1. d4 d5 2. Nf3 Nf6 3. Bf4 Nc6 4. e3 a6 5. Bd3 Bg4 6. O-O e6 7. Nbd2 Bd6 8. h3
Bxf4 9. hxg4 Bd6 10. g5 Nh5 11. c4 Be7 12. g4 Bxg5 13. gxh5 g6 14. Qb3 Rb8 15.
cxd5 exd5 16. Rfc1 gxh5 17. Rc5 Bh6 18. Rxd5 Qf6 19. Rf5 Qe7 20. d5 Na5 21. Qa4+
Kd8 22. Qxa5 Bxe3 23. d6 Bxf2+ 24. Kxf2 Qd7 25. dxc7+ Qxc7 26. Rd5+ 1-0

[Event "match GMLuizxPEentotal"]
[Site "http://www.queenalice.com/game.php?id=625701"]
[Date "2009.7.27"]
[Round "-"]
[White "GMLuizFernandes"]
[Black "Pentotal"]
[Result "0-1"]
[WhiteElo "1932"]
[BlackElo "2388"]

1. e4 e5 2. Nf3 Nc6 3. Bb5 a6 4. Bxc6 bxc6 5. O-O Qf6 6. h3 h6 7. d4 exd4 8.
Nxd4 Bc5 9. Nb3 Ba7 10. e5 Qf5 11. N1d2 Ne7 12. Nc4 Qe6 13. Qd3 O-O 14. Be3 Bxe3
15. fxe3 Ng6 16. Nd4 Qe8 17. Nf3 a5 18. Rad1 Qe7 19. b3 a4 20. Rd2 Re8 21. Kh1
c5 22. Qd5 Ra6 23. Kg1 Rd8 24. Rfd1 d6 25. exd6 cxd6 26. Qxc5 dxc5 27. Rxd8+ Kh7
28. Rxc8 Nh4 29. Nxh4 Qxh4 30. Rxc5 Rf6 31. Rcd5 Qf2+ 32. Kh1 axb3 33. cxb3 Qxa2
34. R5d4 Rf2 0-1

[Event "match GMLuizxPEentotal"]
[Site "http://www.queenalice.com/game.php?id=625702"]
[Date "2009.7.27"]
[Round "-"]
[White "Pentotal"]
[Black "GMLuizFernandes"]
[Result "1-0"]
[WhiteElo "2389"]
[BlackElo "1930"]

1. e4 e5 2. Nf3 Nc6 3. Bb5 Nf6 4. O-O Bd6 5. d4 Qe7 6. Re1 O-O 7. c3 a6 8. Bd3
b5 9. d5 Nd8 10. a4 b4 11. Nh4 Nb7 12. Nf5 Qd8 13. Nxd6 Nxd6 14. cxb4 h6 15. f4
Qe7 16. Bd2 exf4 17. e5 Nxd5 18. exd6 Qxd6 19. Be4 Rb8 20. Bc3 Nxb4 21. Qxd6
cxd6 22. Na3 d5 23. Bf3 Nd3 24. Red1 Nxb2 25. Rdb1 Nxa4 26. Rxb8 Nxc3 27. Rc1 d4
28. Nc2 Nb5 29. Nb4 Nd6 30. Nd5 Re8 31. Nb6 g5 32. Nxc8 Nxc8 33. Rcxc8 Rxc8 34.
Rxc8+ Kg7 35. Rd8 f5 36. Rxd7+ 1-0

[Event "2do TORNEO"]
[Site "http://www.queenalice.com/game.php?id=625972"]
[Date "2009.7.28"]
[Round "1"]
[White "sergio_damian"]
[Black "Pentotal"]
[Result "0-1"]
[WhiteElo "1868"]
[BlackElo "2370"]

1. e4 e5 2. Nf3 Nc6 3. Bc4 Bc5 4. c3 Nf6 5. Ng5 O-O 6. O-O h6 7. Nf3 Nxe4 8. Bb3
d5 9. d3 Nf6 10. Qe2 e4 11. dxe4 dxe4 12. Nfd2 Bg4 13. Qc4 Qe7 14. h3 Ne5 15.
Qa4 e3 16. fxe3 Nd3 17. hxg4 Qxe3+ 18. Kh1 Nf2+ 19. Kh2 Bd6+ 20. Kg1 Nh3+ 21.
Kh1 Qg1+ 22. Rxg1 Nf2# 0-1

[Event "Challenge"]
[Site "http://www.queenalice.com/game.php?id=633627"]
[Date "2009.8.9"]
[Round "-"]
[White "Conde7"]
[Black "Pentotal"]
[Result "1/2-1/2"]
[WhiteElo "2511"]
[BlackElo "2390"]

1. e4 e5 2. Nf3 Nc6 3. Bb5 a6 4. Ba4 Nf6 5. O-O Bd6 6. Re1 O-O 7. d4 b5 8. Bb3
Bb7 9. c3 h6 10. Nbd2 Re8 11. Bc2 exd4 12. cxd4 Bf8 13. e5 Nd5 14. Be4 Nb6 15.
a3 d6 16. Qc2 Qd7 17. Bf5 Qd8 18. Bh7+ Kh8 19. Be4 Qd7 20. Bf5 Qd8 21. b3 dxe5
22. dxe5 Ne7 23. Bg4 Bc8 24. h3 Bxg4 25. hxg4 Ng6 26. g5 h5 27. Nf1 Qd7 28. Ng3
h4 29. Nf5 h3 30. Qe4 hxg2 31. N5h4 Qh3 32. Nxg6+ fxg6 33. Qh4+ Qxh4 34. Nxh4
Kh7 35. Nxg2 Nd7 36. f4 Nc5 37. Re3 Red8 38. Kh2 Rd1 39. Rc3 Ne4 40. Rh3+ Kg8
41. Ne3 Rd3 42. Ng2 Rad8 43. b4 Rd1 44. Nh4 Kf7 45. Re3 R8d4 46. Re2 Rc4 47. Bb2
Rxa1 48. Bxa1 Nxg5 49. Nxg6 Kxg6 50. fxg5 c5 51. bxc5 Rxc5 52. e6 Rc7 53. Be5
Rc8 54. Kg2 Kxg5 55. Bb2 Kf5 1/2-1/2

[Event "Challenge"]
[Site "http://www.queenalice.com/game.php?id=633628"]
[Date "2009.8.9"]
[Round "-"]
[White "Pentotal"]
[Black "Conde7"]
[Result "1-0"]
[WhiteElo "2371"]
[BlackElo "2529"]

1. e4 c5 2. Nc3 Nc6 3. Nf3 e6 4. Be2 Nf6 5. O-O a6 6. d4 cxd4 7. Nxd4 Qc7 8. Be3
Bb4 9. Nxc6 bxc6 10. a3 Bxc3 11. bxc3 d5 12. f3 O-O 13. Rb1 e5 14. Bg5 Be6 15.
Bxf6 gxf6 16. Qe1 f5 17. Qg3+ Kh8 18. Qh4 f6 19. exf5 Bxf5 20. Bd3 Bxd3 21. cxd3
Qa7+ 22. d4 Rab8 23. a4 Qg7 24. Rfe1 Rg8 25. g3 Rxb1 26. Rxb1 Qe7 27. Re1 Qe6
28. Qh6 Qf5 29. Kf2 c5 30. dxe5 fxe5 31. Qxa6 Rf8 32. Qe2 e4 33. f4 Re8 34. Qb5
Qc8 35. a5 d4 36. cxd4 cxd4 37. a6 d3 38. Ke3 Rd8 39. Rd1 h6 40. Rd2 Rf8 41. a7
1-0

[Event "egosofico"]
[Site "http://www.queenalice.com/game.php?id=661496"]
[Date "2009.10.2"]
[Round "1"]
[White "popcorn"]
[Black "Pentotal"]
[Result "0-1"]
[WhiteElo "2155"]
[BlackElo "2394"]

1. d4 d5 2. c4 e6 3. Nc3 Nf6 4. Nf3 Be7 5. Bf4 dxc4 6. Qa4+ Nc6 7. e3 Nd5 8. Bg3
Nb6 9. Qd1 O-O 10. Nd2 Na5 11. Rc1 Bd7 12. Nce4 Bc6 13. f3 Nd5 14. Bf2 b5 15.
Be2 f5 16. Nc3 Nb6 17. O-O Bd6 18. f4 b4 19. Ncb1 Qd7 20. Nf3 Bd5 21. Nbd2 Na4
22. Qc2 c3 23. bxc3 Nxc3 0-1

[Event "World Cup"]
[Site "http://www.queenalice.com/game.php?id=668141"]
[Date "2009.10.16"]
[Round "4"]
[White "mbake5"]
[Black "Pentotal"]
[Result "1/2-1/2"]
[WhiteElo "2778"]
[BlackElo "2399"]

1. e4 e5 2. Nf3 Nc6 3. Bb5 Nge7 4. O-O g6 5. c3 Bg7 6. d4 exd4 7. cxd4 O-O 8. d5
Ne5 9. Nxe5 Bxe5 10. Nc3 c6 11. Be2 cxd5 12. Nxd5 Nxd5 13. Qxd5 d6 14. Be3 Bd7
15. Qxb7 Rb8 16. Qxa7 Bc6 17. Bd3 Ra8 18. Qb6 Qxb6 19. Bxb6 Rfb8 20. Be3 Bxb2
21. Rad1 Rxa2 22. Bb1 Ra4 23. Rxd6 Bxe4 24. Bxe4 Rxe4 25. g3 Kg7 26. Rfd1 Rb7
27. Kg2 h5 28. h3 Be5 29. Rc6 Rc7 30. Ra6 Rec4 1/2-1/2

[Event "egosofico"]
[Site "http://www.queenalice.com/game.php?id=702654"]
[Date "2009.12.23"]
[Round "2"]
[White "Pentotal"]
[Black "jose_scalise"]
[Result "1-0"]
[WhiteElo "2407"]
[BlackElo "1954"]

1. e4 e5 2. Nf3 Nc6 3. Bb5 a6 4. Bxc6 dxc6 5. O-O Bg4 6. h3 Bh5 7. d3 Bd6 8. Be3
Nf6 9. Nbd2 O-O 10. a4 Nd7 11. Qb1 Qf6 12. a5 Nc5 13. Bg5 Qg6 14. Be3 Qf6 15.
Qa2 Ne6 16. Qb3 Rfb8 17. Rfe1 h6 18. g4 Bg6 19. Kg2 b5 20. Nf1 c5 21. Ng3 Nd4
22. Bxd4 cxd4 23. Rac1 Re8 24. c3 dxc3 25. Qxc3 1-0

[Event "egosofico"]
[Site "http://www.queenalice.com/game.php?id=731769"]
[Date "2010.2.14"]
[Round "3"]
[White "Fafner"]
[Black "Pentotal"]
[Result "0-1"]
[WhiteElo "2019"]
[BlackElo "2408"]

1. e4 e5 2. f4 exf4 3. Nf3 g5 4. h4 g4 5. Ng5 h6 6. Nxf7 Kxf7 7. d4 d5 8. Bxf4
Nf6 9. Nc3 Bb4 10. Be2 Bxc3+ 11. bxc3 Nxe4 12. O-O Kg6 13. Bxg4 Qxh4 14. Bh3
Bxh3 15. gxh3 Qxh3 16. Qe2 Nxc3 17. Qe5 Nc6 18. Qe1 Rhg8 19. Qg3+ Kh5 0-1

[Event "egosofico"]
[Site "http://www.queenalice.com/game.php?id=780361"]
[Date "2010.5.25"]
[Round "4"]
[White "Pentotal"]
[Black "LUKK22"]
[Result "1-0"]
[WhiteElo "2417"]
[BlackElo "2464"]

1. e4 g6 2. d4 Bg7 3. Nc3 d6 4. Nf3 c6 5. Be2 Nf6 6. O-O O-O 7. h3 b5 8. e5 dxe5
9. Nxe5 b4 10. Na4 Nfd7 11. Nf3 e5 12. a3 exd4 13. axb4 Re8 14. Re1 Ba6 15. Nxd4
Bxe2 16. Rxe2 Rxe2 17. Nxe2 Na6 18. c3 Qc7 19. Be3 Re8 20. Nd4 Nab8 21. Nc5 Nb6
22. Qf3 Nd5 23. Nb5 cxb5 24. Qxd5 Qc6 25. Qxc6 Nxc6 26. Kf1 Re7 27. Ra6 Ne5 28.
Bg5 f6 29. Bxf6 Bxf6 30. Rxf6 Nc4 31. Re6 Rxe6 32. Nxe6 Nxb2 33. Nc7 Na4 34.
Nxb5 a6 35. Nc7 Nxc3 36. Ke1 Kf7 37. Kd2 Na4 38. Na8 a5 39. bxa5 Ke6 40. a6 Kd7
41. a7 Kc6 42. Nc7 Nb6 43. a8=Q+ Nxa8 44. Nxa8 Kd5 45. Ke3 Ke6 46. g4 g5 47. f4
gxf4+ 48. Kxf4 Kf6 49. Nb6 Kg6 50. Nd7 h6 51. h4 Kf7 52. Kf5 Ke7 53. Ne5 Kd6 54.
g5 hxg5 55. hxg5 Kd5 56. g6 Kd4 57. g7 Ke3 58. g8=Q Kd2 59. Qg3 Kc2 60. Qd3+ 1-0

[Event "egosofico"]
[Site "http://www.queenalice.com/game.php?id=850255"]
[Date "2010.10.24"]
[Round "5"]
[White "deep"]
[Black "Pentotal"]
[Result "0-1"]
[WhiteElo "2028"]
[BlackElo "2427"]

1. d4 d5 2. c4 e6 3. Nc3 Nf6 4. Bg5 Be7 5. e3 h6 6. Bh4 O-O 7. Nf3 b6 8. Be2 Bb7
9. O-O Nbd7 10. b3 c5 11. Ne5 dxc4 12. bxc4 cxd4 13. exd4 Nxe5 14. dxe5 g5 15.
exf6 Bxf6 16. Qc2 gxh4 17. Rad1 Qe7 18. Ne4 h3 19. gxh3 Be5 20. f4 f5 21. Ng3
Qc5+ 0-1

[Event "QA-ANNIV-07"]
[Site "http://www.queenalice.com/game.php?id=950771"]
[Date "2011.6.16"]
[Round "1"]
[White "luciano"]
[Black "Pentotal"]
[Result "0-1"]
[WhiteElo "2116"]
[BlackElo "2430"]

1. e4 e5 2. d4 exd4 3. c3 dxc3 4. Bc4 cxb2 5. Bxb2 Bb4+ 6. Kf1 Nf6 7. e5 d5 8.
Bb5+ Nfd7 9. Qg4 c6 10. e6 fxe6 11. Bxg7 Nf6 12. Qh4 Rf8 13. Bxf8 Bxf8 14. Bd3
Qe7 15. Nd2 e5 16. Re1 Kd8 17. Nb3 b6 18. Qg5 Nbd7 19. Nf3 e4 20. Nfd4 Kc7 21.
Nf5 Qe5 22. Nbd4 a6 23. f4 Qe8 24. Be2 c5 25. Rc1 Bb7 26. Ng7 Bxg7 27. Qxg7 Kb8
28. Nf5 Qe6 29. Nh6 d4 30. Bc4 Qc6 31. Kg1 e3 32. f5 Ne5 33. Qg3 Ka7 34. Bf1 Qe4
35. h3 d3 36. Kh2 d2 37. Ra1 Nh5 38. Qg5 e2 0-1